| 000 | 00474nam a22001691a 4500 | ||
|---|---|---|---|
| 020 | _c0.00 | ||
| 040 | _aNEGST Library - Kenya | ||
| 050 | _aPL 8704.K4K53 1984 | ||
| 100 | _aKezilahabi, Euphrase. | ||
| 245 |
_aSofferenza : _bpoesie Scelte _h[Text] |
||
| 260 |
_aNapoli _bPlural _cc1984 |
||
| 300 | _a100 p.; | ||
| 500 | _a[Africana] | ||
| 600 | _aSwahili Language - Texts | ||
| 852 | _918.00 | ||
| 999 |
_c43913 _d43889 |
||